| 000 | 00877cam a2200253Mi 4500 | ||
|---|---|---|---|
| 005 | 20180405183912.0 | ||
| 008 | 150731s2014 enka fr 000 0 eng d | ||
| 020 | _a9780500517345 | ||
| 035 | _a(OCoLC)881556851 | ||
| 040 |
_aCO-BoUCM _bspa _cSandra Palacio _dSandra Palacio |
||
| 041 | 0 | _aeng | |
| 060 | 0 | 0 | _aWZ 60 |
| 100 | 1 |
_aBarnett, Richard _970506 |
|
| 245 | 1 | 4 |
_aThe sick Rose _cRichard Barnett _bor: disease and the art of medical illustration |
| 260 |
_aLondres (Inglaterra) _bThames and Hudson _c2014 |
||
| 300 |
_a253 páginas _bilustraciones |
||
| 500 | _aIncluye índice | ||
| 650 | 7 |
_aIlustraciones médicas _y1800-1900 _970507 |
|
| 650 | 7 |
_aEpidemias _914659 _xColera |
|
| 650 | 0 | 7 |
_aEpidemias _914659 _xDifteria |
| 650 | 0 | 7 |
_aVacunación _926056 _y1800-1900 |
| 690 |
_942847 _aHistoria de la medicina |
||
| 942 |
_2NLM _a15 _cLIBRO _e1 _hWZ 60 _mB261 _n0 |
||
| 999 |
_c300069 _d300069 |
||